[Event "SC-2021-0-00410"]
[Site "LSS email"]
[Date "2021.08.25"]
[Round "?"]
[White "Hall, Dick"]
[Black "Martins, Karin"]
[Result "1-0"]
[WhiteElo "1766"]
[BlackElo "1725"]
[PlyCount "103"]
[EventDate "2021.05.21"]
[EventType "tourn (corr)"]
[EventRounds "6"]
[EventCountry "GER"]
[SourceTitle "Corr 2024"]
[Source "ChessBase"]
[SourceDate "2023.10.19"]
[SourceVersion "1"]
[SourceVersionDate "2023.10.19"]
[SourceQuality "1"]

1. d4 Nf6 2. Bf4 d5 3. Nf3 Bf5 4. e3 e6 5. c4 c6 6. Nc3 Qb6 7. Qc1 Nbd7 8. c5 Qd8 9. h3 Be7 10. b4 0-0 11. Be2 Ne4 12. 0-0 a5 13. b5 Bf6 14. bxc6 bxc6 15. Nxe4 dxe4 16. Ne5 Bxe5 17. Bxe5 Nxe5 18. dxe5 Qg5 19. Kh2 Rfd8 20. Rb1 h6 21. Qc3 Qe7 22. Rb6 Qc7 23. Bc4 a4 24. Rfb1 Rd7 25. a3 Rad8 26. Ba6 Rd5 27. Rc1 Rb8 28. Qb2 Rbd8 29. Rc2 Rd1 30. Be2 R1d7 31. Ba6 Rd1 32. Be2 R1d7 33. Ra6 Rb8 34. Qc3 Rd5 35. Rxa4 Rxe5 36. Qa5 Qe7 37. Rb4 Rc8 38. Qa6 Qd8 39. a4 Rd5 40. Rb1 Rb8 41. Rb7 Rd7 42. Rbb2 Rc8 43. a5 Kh7 44. Qb6 Qh4 45. Bf1 Qf6 46. Rd2 Rdc7 47. a6 Qe7 48. Rd6 h5 49. Kg1 f6 50. Bc4 g5 51. Qb3 Kh6 52. Qd1 1-0

[Event "LSS No Engine Cup 184 Preliminary 0"]
[Site "LSS email"]
[Date "2018.12.02"]
[Round "?"]
[White "Hall, Dick"]
[Black "Neumann, Otto"]
[Result "1-0"]
[WhiteElo "1452"]
[BlackElo "1144"]
[PlyCount "43"]
[EventDate "2018.12.03"]
[EventType "tourn (corr)"]
[EventRounds "6"]
[EventCountry "GER"]
[SourceTitle "Corr 2022"]
[Source "ChessBase"]
[SourceDate "2021.10.24"]
[SourceVersion "1"]
[SourceVersionDate "2021.10.24"]
[SourceQuality "1"]

1. e4 c5 2. b3 Nc6 3. Bb2 d6 4. Bb5 Bd7 5. f4 a6 6. Bxc6 Bxc6 7. d3 e6 8. Nf3 Nf6 9. 0-0 Be7 10. Nbd2 0-0 11. Qe1 h6 12. e5 dxe5 13. Nxe5 Qc7 14. Qg3 Rfd8 15. Nxc6 Qxc6 16. Ne4 Nh5 17. Qh3 Nf6 18. Nxf6+ Bxf6 19. Bxf6 gxf6 20. Qxh6 f5 21. Rf3 Qd6 22. Rg3# 1-0